00460 2200181 4500001002100000005001500021035002000036245005400056100002400110250000600134856004500140260003700185082000800222084001400230600001000244990001200254990001200266INLIS00000000000167420250429110023 a0010-04250000901 aSi Manis Di Sungai Seruyan /cDra. Nani Setiawati0 aDra. Nani Setiawati a1 aRuang Baca Umum No Klas 800 ( Rak 3,4,5) aJakarta :bTrigenda Karya,c2000 a813 a813 DRA s 4aFiksi a00.0068 a00.0069